Incidències de la gestió de la seguretat social en les corporacions locals / Carmelo Palomero
Descripción Física:
[73] fulls : quadres, gràfics ; 30 cm
Materias:
Seguretat social -- Administració
MARC
| LEADER | 00000nam a2200000Ia 4500 | ||
|---|---|---|---|
| 001 | 16422 | ||
| 008 | 160829s2000 xx 000 0 cat d | ||
| 080 | |a M-5-22 | ||
| 100 | |a Palomero, Carmelo |9 34589 | ||
| 245 | |a Incidències de la gestió de la seguretat social en les corporacions locals / Carmelo Palomero | ||
| 260 | |a Barcelona : |b Diputació de Barcelona, Tresoreria, |c 2000 | ||
| 300 | |a [73] fulls : |b quadres, gràfics ; |c 30 cm | ||
| 590 | |a Ponència presentada al 'Seminari sobre l'aplicació de la normativa de l'impost sobre la renda de les persones físiques i de la gestió de la seguretat social en les administracions locals', celebrat el 30 de maig de 2000. | ||
| 590 | |a A la part inferior de la coberta: Programa intregral d'assistència. | ||
| 590 | |a Fotocòpia de l'original | ||
| 650 | |a Seguretat social |x Administració |9 34590 | ||
| 710 | 1 | |a Barcelona (Catalunya : Província). |b Servei de Tresoreria |9 55056 | |
| 901 | |a Arxiu | ||
| 942 | |n 1 | ||
| 952 | |0 0 |1 0 |4 0 |6 M522 |7 1 |9 46576 |a Arxiu |b Arxiu |d 2016-12-01 |l 0 |o M-5-22 |p 16422 |r 2016-12-01 00:00:00 |w 2016-12-01 |y ARXIU | ||
| 999 | |c 50369 |d 50369 | ||